| 000 | 00785nam a2200205 i 4500 | ||
|---|---|---|---|
| 001 | 41488 | ||
| 003 | ES-MaACL | ||
| 005 | 20230906160435.0 | ||
| 007 | t| | ||
| 008 | 030311s1847 sp |||| | spa d | ||
| 100 | 1 |
_aM. M. Y. _974987 |
|
| 245 | 1 | 0 |
_aCaravaca _b: historia de esta villa y de la aparición gloriosa de la Sta. Vera-Cruz que se venera en el Real Alcázar de la misma / _cpor M. M. Y. Pbro. |
| 260 |
_aMurcia : _bPablo Nogues, _c1847. |
||
| 300 |
_aXI, 126 p. ; _c22 cm. |
||
| 530 | _aDisponible en formato digital. | ||
| 650 | 4 |
_aCruz de Caravaca- _xHistoria. _9152305 |
|
| 651 | 4 |
_aCaravaca de la Cruz- _xHistoria. _9152306 |
|
| 852 |
_aES-MaACL _jR-1584 _x Olim: G-454 |
||
| 856 |
_uhttp://bdh-rd.bne.es/viewer.vm?id=0000105199&page=1 _zBiblioteca Digital Hispánica |
||
| 999 |
_c41488 _d41488 |
||